Zachraňoval vieru, mravnosť a národnú identitu Ján kardinál Scitovský už má dôstojné miesto v slovenských dejinách

Bibliographic Details
Main Author: Čurma, Miroslav (Author)
Format: Article
Language:Slovak
PhysicalDescription:1 foto
Subjects:

MARC

LEADER 00000nab a2200000 a 4500
001 vtls001002821
003 SK-MaSNL
005 20260303040851.0
008 040720e19961129xo 0 slo
035 |a RV3421 
040 |a RVGKPD  |b slo  |c RVGKPD  |e AACR2 
041 0 |a slo 
044 |a xo  |c SK 
080 |a 2-051  |2 1981 
100 1 |a Čurma, Miroslav  |4 aut  |9 842852 
245 1 0 |a Zachraňoval vieru, mravnosť a národnú identitu  |b Ján kardinál Scitovský už má dôstojné miesto v slovenských dejinách 
300 |b 1 foto 
545 |a Scitovský, Ján, 1785-1866  |b Cirkevný hodnostár. 
600 1 7 |a Scitovský, Ján, 1785-1866  |2 RVGKPD  |9 1024469 
651 7 |a Rožňava (Slovensko)  |2 RVGKPD  |9 17394 
651 7 |a Jelšava (Slovensko)  |2 RVGKPD  |9 30168 
773 0 8 |t Lúč  |g Roč. 5, č.279, 29.11.1996 
773 0 8 |i Príl.:  |t My víkend, s. 14 
852 |a ZVYKNI  |b KIS3GCP 
999 |c 1684021  |d 1685951